000 02391nam0a2200373 4500
001 RU\NLR\BIBL_A\011610652
005 20241105164142.0
010 _a9785726707259
_9150
021 _aRU
_b2017-101769
_97341
035 _a(RuMoRGB)009503842
035 _a(NLR Aleph) 011610652
090 _a10933900
_c10933900
100 _a20180130d2015 k y0rusy50 ca
101 0 _arus
102 _aRU
105 _aac z 000zy
200 1 _a195-я стрелковая дивизия в боях за Воронеж в июле - октябре 1942 г.
_e[монография]
_fШендриков Е. А.
_gМинистерство сельского хозяйства Российской Федерации, Департамент научно-технологической политики и образования, Федеральное государственное бюджетное образовательное учреждение высшего профессионального образования "Воронежский государственный аграрный университет имени императора Петра I"
210 _aВоронеж
_cВоронежский государственный аграрный университет имени императора Петра I
_d2015
215 _a370 с.
_cил., портр., табл.
_d20
320 _aБиблиогр.: с. 304-310 и в подстроч. примеч.
532 1 0 _aСто девяносто пятая стрелковая дивизия в боях за Воронеж в июле - октябре 1942 г.
601 0 2 _aНовомосковская стрелковая дивизия
_c195
_92076067
_3RU\NLR\AUTH\661251175
606 _aВоронежско-Ворошиловградская оборонительная операция
_z1942
_91376120
_3RU\NLR\AUTH\66263340
686 _aЦ35(2)722.233
_2rubbk
686 _aЦ35(2)722-52-21Дивизия,195-я
_2rubbk
686 1 _aЦ35(2)722-52-21
686 1 _aЦ35(2)722.233
686 1 _aТ3(2)722.112.7
700 1 _aШендриков
_bЕ. А.
_gЕвгений Александрович
942 _cBOOK
980 _aNBR